Diakonia : Servicio de la Fe y Promoción de la Justicia : año IV, no. 14, mayo-julio 1980 /

Guardado en:
Bibliografiske detaljer
Andre forfattere: Moreno, Juan Ramón (dirección) (dirección)
Format: Bog
Sprog:spansk
Udgivet: Managua, Nicaragua : Centro Ignaciano de Centroamérica, 1980
Tags: Tilføj Tag
Ingen Tags, Vær først til at tagge denne postø!

MARC

LEADER 00000nam^a2200000^a^4500
001 000578551
005 20250521000000.0
009 20260310132512.015
037 |a Acervo Xavier Clavigero 
041 |a ESP 
091 |a FIP. 01260 
245 0 0 |a Diakonia :  |b Servicio de la Fe y Promoción de la Justicia : año IV, no. 14, mayo-julio 1980 / 
264 1 |a Managua, Nicaragua :  |b Centro Ignaciano de Centroamérica,  |c 1980 
300 |a 88 p. 
336 |a texto  |b txt  |2 rdacontenido 
337 |a sin mediación  |b n  |2 rdamedio 
338 |a volumen  |b nc  |2 rdasoporte 
649 |a XX 
700 |a Moreno, Juan Ramón  |e (dirección) 
910 |a Fondo Manuel Ignacio Pérez Alonso S.J. 
920 |a Impresos - Libros 
930 |a Fondos Especiales 
905 |a 140 
901 |a 0500404626  |b IT2  |c ESP  |i D  |u 20250521 
902 |a https://opac.biblio.iteso.mx/vufind/Record/000578551